Sistema electoral y gobernabilidad democrática en América Central y República Dominicana /
محفوظ في:
| المؤلف الرئيسي: | |
|---|---|
| التنسيق: | نص |
| الموضوعات: | |
| الوسوم: |
إضافة وسم
لا توجد وسوم, كن أول من يضع وسما على هذه التسجيلة!
|
MARC
| LEADER | 00000 a a2200000 04500 | ||
|---|---|---|---|
| 001 | 4347 | ||
| 003 | |||
| 040 | |||
| 100 | |a Molina, José Enrique | ||
| 245 | |a Sistema electoral y gobernabilidad democrática en América Central y República Dominicana / |c José Enrique Molina | ||
| 650 | |a SISTEMAS ELECTORALES | ||
| 650 | |a GOBERNABILIDAD | ||
| 650 | |a DEMOCRACIA | ||
| 650 | |a PODER LEGISLATIVO | ||
| 650 | |a PODER EJECUTIVO | ||
| 650 | |a SOLUCION DE CONFLICTOS | ||
| 650 | |a PARLAMENTO | ||
| 650 | |a ELECCIONES | ||
| 650 | |a VOTACION | ||
| 650 | |a PLURALISMO POLITICO | ||
| 773 | |g número 46; páginas 67-93 | ||
| 999 | |c 39400 |d 39400 | ||
